[Event "FIDE Online Olympiad"]
[Site "Chess.com"]
[Date "2020.08.16"]
[EventDate "2020.08.14"]
[Round "9"]
[Result "0-1"]
[White "Ruslan Sezdbekov"]
[Black "Lennert Lenaerts"]
[WhiteElo "2065"]
[BlackElo "2350"]
[PlyCount "94"]

1. e4 e5 2. Nf3 Nc6 3. Bc4 Bc5 4. b4 Bxb4 5. c3 Ba5 6. O-O Bb6
7. d4 d6 8. Ba3 exd4 9. Qb3 Qf6 10. Nbd2 Be6 11. e5 dxe5
12. Qa4 Ne7 13. Rae1 Bxc4 14. Nxc4 O-O 15. Ncxe5 Nxe5 16. Nxe5
Rfe8 17. Nd7 Qc6 18. Nxb6 axb6 19. Qxd4 Rxa3 20. Re3 Raa8
21. g4 Ng6 22. Rfe1 Rxe3 23. Rxe3 Re8 24. Rxe8+ Qxe8 25. Kg2
h6 26. f4 Qc6+ 27. Kg3 Qd6 28. Qe4 Qxf4+ 29. Qxf4 Nxf4
30. Kxf4 Kf8 31. Ke5 Ke7 32. h4 c6 33. c4 Kd7 34. a4 Ke7
35. h5 Kd7 36. Kf4 Kd6 37. Kf5 Kc5 38. Ke5 Kxc4 39. Kd6 b5
40. axb5 cxb5 41. Ke7 b4 42. Kxf7 b3 43. Kxg7 b2 44. g5 hxg5
45. h6 b1=Q 46. h7 Qb2+ 47. Kg8 g4 0-1

[Event "FIDE Online Olympiad"]
[Site "Chess.com"]
[Date "2020.08.16"]
[EventDate "2020.08.14"]
[Round "9"]
[Result "0-1"]
[White "Sarah Snoeck"]
[Black "Diana Omurbekova"]
[WhiteElo "1644"]
[BlackElo "1658"]
[PlyCount "80"]

1. e4 g6 2. d4 Bg7 3. Nc3 d6 4. f4 Nf6 5. Bd3 O-O 6. Nf3 Bg4
7. Be3 Nc6 8. O-O e5 9. fxe5 dxe5 10. d5 Nd4 11. Be2 Nxe2+
12. Nxe2 Nxe4 13. c4 c6 14. dxc6 bxc6 15. Qa4 Qc7 16. c5 Nf6
17. Bg5 Be6 18. Ng3 Bd5 19. Rae1 Rfe8 20. Kh1 h6 21. Bd2 Nd7
22. Bb4 f5 23. Ne2 a5 24. Bc3 Nxc5 25. Qc2 Ne4 26. b3 Qb6
27. Nc1 Nxc3 28. Qxc3 e4 29. Qe3 Qxe3 30. Rxe3 exf3 31. Rxe8+
Rxe8 32. gxf3 g5 33. h3 h5 34. Kh2 Be5+ 35. Kg1 Bd4+ 36. Kh2
Re3 37. f4 g4 38. hxg4 hxg4 39. Kg1 Rg3+ 40. Kh2 Rh3# 0-1

[Event "FIDE Online Olympiad"]
[Site "Chess.com"]
[Date "2020.08.16"]
[EventDate "2020.08.14"]
[Round "9"]
[Result "0-1"]
[White "Laurent Huynh"]
[Black "Aziz Degenbaev"]
[WhiteElo "2161"]
[BlackElo "1798"]
[PlyCount "124"]

1. e4 e6 2. d4 d5 3. Nd2 Nc6 4. c3 e5 5. exd5 Qxd5 6. Ngf3
exd4 7. Bc4 Qh5 8. cxd4 Bg4 9. Qe2+ Nge7 10. Qe4 Bf5 11. Qe3
Nb4 12. O-O Nc2 13. Qb3 O-O-O 14. Bxf7 Nxa1 15. Qc4 Bg6
16. Be6+ Kb8 17. Ne5 Nc8 18. Ndf3 Nb6 19. Qe2 Be7 20. Bg4 Bd3
21. Qxd3 Qe8 22. Be3 Bd6 23. Qe2 Rf8 24. Rxa1 h5 25. Bh3 Bxe5
26. Nxe5 g5 27. Bxg5 Rxd4 28. Re1 Nc8 29. Nd7+ Rxd7 30. Bxd7
Qxd7 31. Qxh5 Qf5 32. Qh4 Qc2 33. Bf6 Nd6 34. f3 Rg8 35. g3 b6
36. Bc3 Nf5 37. Qf4 Nd6 38. Qd2 Qf5 39. Qe2 Re8 40. Qf2 Rf8
41. f4 Rg8 42. Qf3 Nc4 43. b3 Nd6 44. Be5 Nf7 45. Qc3 Nxe5
46. Qxe5 Qc2 47. Qe2 Qc5+ 48. Qe3 Qc2 49. Re2 Qd1+ 50. Kg2 Rh8
51. f5 Rf8 52. Qf3 Qd6 53. h4 a5 54. Kh3 Qc5 55. Rf2 Re8
56. Qg4 Qxf2 57. Qg6 Qf1+ 58. Kg4 Qe2+ 59. Kg5 Qe3+ 60. Kg4
Qe4+ 61. Kh3 Rd8 62. Qf6 Rd1 0-1

[Event "FIDE Online Olympiad"]
[Site "Chess.com"]
[Date "2020.08.16"]
[EventDate "2020.08.14"]
[Round "9"]
[Result "0-1"]
[White "Anton Smirnov"]
[Black "Kirill Stupak"]
[WhiteElo "2367"]
[BlackElo "2537"]
[PlyCount "88"]

1. e4 e6 2. d4 d5 3. Nc3 Nc6 4. e5 f6 5. Bb5 Bd7 6. Nf3 Qe7
7. Ne2 Nxe5 8. Bxd7+ Nxd7 9. O-O Qf7 10. Nf4 O-O-O 11. Re1 Re8
12. Qe2 e5 13. dxe5 Nxe5 14. Nxe5 fxe5 15. c4 Bb4 16. Nxd5
Bxe1 17. Qxe1 Nf6 18. Ne3 Rhf8 19. b3 Rd8 20. Bb2 Rfe8 21. Qe2
Qh5 22. Qxh5 Nxh5 23. Bc3 Nf6 24. Kf1 Ne4 25. Be1 c6 26. Ke2
g6 27. b4 Rd4 28. a4 Nd6 29. Rc1 Nf5 30. b5 Nxe3 31. fxe3 Rd7
32. bxc6 bxc6 33. Bc3 Rf7 34. e4 Ref8 35. Ke3 Re8 36. Rd1 Rd7
37. Rf1 Red8 38. Rc1 Rd1 39. Rc2 Rb1 40. Bxe5 Re1+ 41. Kf4
Rf8+ 42. Kg5 Rxe4 43. Bg3 Rf5+ 44. Kh6 Re7 0-1

[Event "FIDE Online Olympiad"]
[Site "Chess.com"]
[Date "2020.08.16"]
[EventDate "2020.08.14"]
[Round "9"]
[Result "0-1"]
[White "Viachaslau Zarubitski"]
[Black "Moulthun Ly"]
[WhiteElo "2420"]
[BlackElo "2502"]
[PlyCount "126"]

1. e4 c5 2. Nf3 e6 3. d4 cxd4 4. Nxd4 a6 5. c4 Nf6 6. Nc3 Qc7
7. a3 b6 8. Be3 Bb7 9. f3 d6 10. Rc1 Be7 11. Be2 O-O 12. O-O
Nbd7 13. b4 Rac8 14. Qe1 Qb8 15. Qf2 Bd8 16. g4 h6 17. h4 Nh7
18. f4 Ndf6 19. Qg2 Qa8 20. Bd3 h5 21. gxh5 Nxh5 22. Nxe6 fxe6
23. Qg6 N7f6 24. e5 Bc6 25. exf6 Nxf6 26. Bd4 Be8 27. Qg3 Qb7
28. Rce1 Qf7 29. Rf2 b5 30. Rg2 bxc4 31. Bc2 Rc7 32. Ne4 Nh5
33. Qg4 Qxf4 34. Qxe6+ Bf7 35. Qxd6 Qxd6 36. Nxd6 Bxh4 37. Rf1
Ng3 38. Rf4 g5 39. Rxg3 Bxg3 40. Nf5 Bg6 41. Nh6+ Kh7
42. Bxg6+ Kxg6 43. Rxf8 Kxh6 44. Kg2 Bf4 45. Bc3 Kh5 46. Kf3
Rd7 47. Rh8+ Kg6 48. Kg4 Rd3 49. Rg8+ Kh7 50. Rh8+ Kg6
51. Rg8+ Kf7 52. Rg7+ Ke6 53. Rg6+ Kd5 54. Bf6 Rg3+ 55. Kf5 c3
56. Bxc3 Rxc3 57. Rxa6 Bc1 58. a4 Rc4 59. b5 g4 60. b6 Kc6
61. a5 g3 62. Ra7 Rf4+ 63. Ke5 Rf1 0-1

[Event "FIDE Online Olympiad"]
[Site "Chess.com"]
[Date "2020.08.16"]
[EventDate "2020.08.14"]
[Round "9"]
[Result "0-1"]
[White "Bin-Sattar Reefat"]
[Black "Susanto Megaranto"]
[WhiteElo "2437"]
[BlackElo "2517"]
[PlyCount "84"]

1. e4 d5 2. exd5 Qxd5 3. Nc3 Qa5 4. d4 c6 5. Nf3 Bf5 6. Bc4 e6
7. Bd2 Nd7 8. Qe2 Bb4 9. a3 Ngf6 10. O-O Bxc3 11. Bxc3 Qc7
12. b4 O-O 13. h3 h6 14. Bb2 a5 15. Ba2 axb4 16. axb4 b5
17. Bb3 Be4 18. Nd2 Bd5 19. Rfc1 Nb6 20. Ra5 Bxb3 21. cxb3 Qd6
22. Rc5 Nbd7 23. Rc2 Qxb4 24. Rxa8 Rxa8 25. Rxc6 Nd5 26. Qd3
Qa5 27. Rc1 Qb6 28. Ne4 N7f6 29. Nxf6+ Nxf6 30. Rc5 Rb8
31. Bc1 Nd5 32. Qg3 Kh8 33. Qe5 f6 34. Qg3 Qb7 35. Qd6 Re8
36. Bd2 Kh7 37. h4 Qa8 38. Kh2 Qb7 39. h5 Qf7 40. Rxb5 Qxh5+
41. Kg3 Qe2 42. Qd7 Re7 0-1

[Event "FIDE Online Olympiad"]
[Site "Chess.com"]
[Date "2020.08.16"]
[EventDate "2020.08.14"]
[Round "9"]
[Result "0-1"]
[White "Nazrana Khan"]
[Black "Irine Kharisma Sukandar"]
[WhiteElo "2013"]
[BlackElo "2381"]
[PlyCount "78"]

1. d4 Nf6 2. c4 c5 3. d5 b5 4. cxb5 a6 5. bxa6 g6 6. Nc3 Bxa6
7. g3 Bg7 8. Bg2 d6 9. Nf3 O-O 10. O-O Nbd7 11. Qc2 Qa5
12. Rd1 Nb6 13. e4 Rfb8 14. Bd2 Nc4 15. Rab1 Nxd2 16. Nxd2 Nd7
17. f4 Ra7 18. Na4 Be2 19. b3 Bxd1 20. Qxd1 Qb4 21. Rc1 Bd4+
22. Kh1 Be3 23. Rc2 Bxd2 24. Rxd2 Nb6 25. Nxb6 Rxb6 26. h3
Rba6 27. Qe2 Qc3 28. Kh2 Qa1 29. e5 Rxa2 30. exd6 Rxd2
31. Qxd2 exd6 32. Qe3 Qd4 33. Qe8+ Kg7 34. Qb8 Ra1 35. h4 Qg1+
36. Kh3 Ra2 37. Qxd6 Qxg2+ 38. Kg4 f5+ 39. Kg5 h6# 0-1

[Event "FIDE Online Olympiad"]
[Site "Chess.com"]
[Date "2020.08.16"]
[EventDate "2020.08.14"]
[Round "9"]
[Result "0-1"]
[White "Yusup Atabayev"]
[Black "Mark Paragua"]
[WhiteElo "2528"]
[BlackElo "2573"]
[PlyCount "110"]

1. e4 c5 2. Nf3 d6 3. d4 cxd4 4. Nxd4 Nf6 5. Nc3 a6 6. h3 g6
7. g4 Bg7 8. Bg2 O-O 9. Be3 Nc6 10. Qd2 Nd7 11. O-O Rb8 12. a4
Qa5 13. Rad1 Re8 14. b3 Nxd4 15. Bxd4 Bxd4 16. Qxd4 Qc5
17. Rfe1 b6 18. Qxc5 bxc5 19. Bf1 Ne5 20. Kg2 g5 21. Kg3 Kg7
22. Nd5 Bb7 23. f4 gxf4+ 24. Nxf4 a5 25. Bb5 Bc6 26. c4 Rec8
27. Nd3 f6 28. h4 Be8 29. Re3 Nc6 30. Nf4 Nd4 31. Rf1 Bf7
32. g5 fxg5 33. hxg5 Rf8 34. Ne2 Ne6 35. e5 Nxg5 36. exd6 exd6
37. Re7 Kg8 38. Nf4 Bg6 39. Rfe1 Bf5 40. R1e3 Rf7 41. Nd5 Kg7
42. Rxf7+ Nxf7 43. Re7 Bc2 44. Kh4 Rf8 45. Ra7 Bxb3 46. Rxa5
Ne5 47. Ra7+ Kg6 48. a5 Bxc4 49. Bxc4 Nxc4 50. a6 Rf3 51. Rb7
Ra3 52. a7 Ne5 53. Nb6 Kf5 54. a8=Q Ng6+ 55. Kh5 Rh3# 0-1

[Event "FIDE Online Olympiad"]
[Site "Chess.com"]
[Date "2020.08.16"]
[EventDate "2020.08.14"]
[Round "9"]
[Result "0-1"]
[White "Rogelio Antonio Jr"]
[Black "Saparmyrat Atabayev"]
[WhiteElo "2426"]
[BlackElo "2359"]
[PlyCount "140"]

1. e4 c5 2. Nf3 d6 3. d4 cxd4 4. Qxd4 Nc6 5. Bb5 Bd7 6. Bxc6
bxc6 7. c4 e5 8. Qd3 f5 9. exf5 Nf6 10. Bg5 Qc8 11. Nh4 Be7
12. g4 O-O 13. Nc3 Qb7 14. O-O-O Be8 15. Bxf6 Bxf6 16. Nf3 e4
17. Qxe4 Bxc3 18. bxc3 Rb8 19. Kd2 Bf7 20. Rb1 Qa6 21. Rxb8
Rxb8 22. Ng5 Qxa2+ 23. Ke3 Re8 24. Ne6 d5 25. Qe5 Bxe6
26. fxe6 Qxc4 27. Kf3 Rf8+ 28. Kg3 Qd3+ 29. Qe3 Qxe3+ 30. fxe3
Re8 31. Ra1 Rxe6 32. Kf3 Rf6+ 33. Kg3 Rf7 34. Ra6 Rc7 35. Kf4
Kf7 36. Ke5 Ke7 37. h4 Kd7 38. h5 h6 39. Ra2 Rb7 40. Rf2 Kc7
41. Ra2 Kb8 42. Kd6 Rb3 43. Kxc6 Rxc3+ 44. Kxd5 Rxe3 45. Ra6
Kb7 46. Rg6 Re7 47. g5 hxg5 48. Rxg5 Kb6 49. Rg6+ Kb5 50. h6
gxh6 51. Rxh6 Rd7+ 52. Ke4 a5 53. Rh8 a4 54. Rb8+ Kc4 55. Rc8+
Kb3 56. Rb8+ Ka2 57. Ke3 a3 58. Ke2 Ka1 59. Rb6 Rd8 60. Rb7
Rd6 61. Rb8 Rd5 62. Rb7 Rh5 63. Kd2 Rh2+ 64. Kc1 Rb2 65. Ra7
Ka2 66. Ra8 Rb4 67. Ra7 Rb3 68. Ra8 Rc3+ 69. Kd2 Kb2 70. Ra7
Rb3 0-1

[Event "FIDE Online Olympiad"]
[Site "Chess.com"]
[Date "2020.08.16"]
[EventDate "2020.08.14"]
[Round "9"]
[Result "0-1"]
[White "Jemal Ovezdurdiyeva"]
[Black "Janelle Mae Frayna"]
[WhiteElo "1924"]
[BlackElo "2102"]
[PlyCount "96"]

1. d4 Nf6 2. c4 g6 3. Nc3 d5 4. Nf3 Bg7 5. Bf4 O-O 6. e3 Be6
7. Ng5 Bc8 8. Qb3 c5 9. cxd5 cxd4 10. exd4 Nbd7 11. Be2 Nb6
12. Bf3 h6 13. Nge4 Nfxd5 14. Be5 Nxc3 15. Qxc3 Nd5 16. Qd2 f6
17. Bg3 f5 18. Nc3 Nxc3 19. bxc3 g5 20. Be5 Bxe5 21. dxe5
Qxd2+ 22. Kxd2 Be6 23. Bxb7 Rad8+ 24. Kc2 f4 25. Be4 Rc8
26. Rab1 Rc4 27. Bd3 Rc7 28. c4 Rfc8 29. Rb4 Bxc4 30. Bxc4+
Rxc4+ 31. Rxc4 Rxc4+ 32. Kd3 Ra4 33. Ra1 Kf7 34. h4 Ke6 35. h5
Kd5 36. f3 Ra3+ 37. Kd2 Kxe5 38. Re1+ Kf6 39. Ra1 e5 40. Kc2
e4 41. fxe4 Rg3 42. Rd1 Rxg2+ 43. Kb3 g4 44. Rd6+ Ke5 45. Rxh6
f3 46. Rh7 f2 47. Rf7 Rg3+ 48. Kc2 Rf3 0-1

[Event "FIDE Online Olympiad"]
[Site "Chess.com"]
[Date "2020.08.16"]
[EventDate "2020.08.14"]
[Round "9"]
[Result "0-1"]
[White "Azat Nurmamedov"]
[Black "Daniel Quizon"]
[WhiteElo "1834"]
[BlackElo "2164"]
[PlyCount "102"]

1. Nf3 Nf6 2. g3 g6 3. Bg2 Bg7 4. O-O O-O 5. d4 d6 6. c4 c5
7. Nc3 Nc6 8. dxc5 dxc5 9. Be3 Qa5 10. Qa4 Qxa4 11. Nxa4 b6
12. Rad1 Bf5 13. Nc3 Rac8 14. h3 Ne4 15. Nxe4 Bxe4 16. Bc1
Rfd8 17. Rd2 Nb4 18. a3 Na2 19. b3 Nxc1 20. Rxc1 Rxd2 21. Nxd2
Bxg2 22. Kxg2 Bb2 23. Rb1 Bxa3 24. Ne4 Rc7 25. Rd1 Bb2 26. g4
Kg7 27. Rd8 h6 28. f4 Bf6 29. e3 e5 30. Ra8 exf4 31. exf4 Bd4
32. Rd8 Re7 33. Kf3 f5 34. gxf5 gxf5 35. Ng3 Re3+ 36. Kg2 Rxb3
37. Nxf5+ Kg6 38. Nxd4 cxd4 39. Rxd4 Kf5 40. Rd6 Kxf4 41. Rxh6
Rb2+ 42. Kf1 a5 43. Rh7 Rc2 44. Rh6 a4 45. Rxb6 a3 46. Rb4 a2
47. c5+ Ke5 48. Ra4 Rc1+ 49. Kf2 a1=Q 50. Rxa1 Rxa1 51. Kg3
Rc1 0-1

[Event "FIDE Online Olympiad"]
[Site "Chess.com"]
[Date "2020.08.16"]
[EventDate "2020.08.14"]
[Round "8"]
[Result "0-1"]
[White "Kertu Karba"]
[Black "Ariana Pintor"]
[WhiteElo "1086"]
[BlackElo "1899"]
[Source "Chess-Results"]
[PlyCount "140"]

1. e4 c6 2. Nf3 d5 3. exd5 cxd5 4. d4 Nc6 5. g3 Bf5 6. Bg2 Nf6
7. O-O e6 8. a3 Bd6 9. Nc3 a6 10. Re1 O-O 11. Nh4 Bg4 12. Nf3
b5 13. Be3 Ne4 14. Qd3 Nxc3 15. Qxc3 Rc8 16. Qd2 Na5 17. b3
Nb7 18. Ra2 Qe7 19. b4 Qc7 20. Bf4 Bxf4 21. Qxf4 Qxf4 22. gxf4
Bf5 23. Rc1 f6 24. c3 Nd6 25. Nh4 Bg4 26. f3 Bh5 27. Bf1 Rc7
28. Be2 g5 29. fxg5 fxg5 30. Ng2 Bxf3 31. Bxf3 Rxf3 32. Ne1
Rfxc3 33. Rxc3 Rxc3 34. Rg2 h6 35. Re2 Ne4 36. Rc2 Rxa3
37. Rc8+ Kf7 38. Rc7+ Kf6 39. Nc2 Rc3 40. Rxc3 Nxc3 41. Kf2
Kf5 42. Kf3 g4+ 43. Kg3 Kg5 44. h3 gxh3 45. Kxh3 Kf4 46. Kh4
Ke4 47. Kh5 Kd3 48. Ne1+ Kxd4 49. Nf3+ Kc4 50. Kxh6 Kxb4
51. Nd4 e5 52. Nc6+ Kb3 53. Nxe5 a5 54. Nc6 a4 55. Na5+ Kb2
56. Nc6 a3 57. Nd4 a2 58. Kg5 a1=Q 59. Kf5 Qb1+ 60. Ke5 Qe4+
61. Kd6 Qxd4 62. Kc6 Qc4+ 63. Kd6 d4 64. Ke5 d3 65. Kd6 d2
66. Ke5 d1=Q 67. Kf5 Qdd5+ 68. Kf6 Qcc6+ 69. Ke7 Qdd7+ 70. Kf8
Qcc8# 0-1

[Event "FIDE Online Olympiad"]
[Site "Chess.com"]
[Date "2020.08.21"]
[EventDate "2020.08.21"]
[Round "1"]
[Result "0-1"]
[White "Shakhriyar Mamedyarov"]
[Black "Anish Giri"]
[WhiteElo "2761"]
[BlackElo "2731"]
[Source "Chess-Results"]
[PlyCount "100"]

1. e4  c5  2. c3  Nf6  3. e5  Nd5  4. d4  cxd4  5. cxd4  d6  6. Nf3  Nc6  7. Bc4  Nb6  8. Bb3  dxe5  9. d5  Na5  10. Nc3  Nxb3  11. Qxb3  e6  12. Nxe5  exd5  13. Be3  Bd6  14. Qb5+  Kf8  15. f4  Be6  16. O-O  Kg8  17. Rad1  h5  18. Kh1  h4  19. h3  Rh5  20. Qe2  Rf5  21. Nf3  Nc4  22. Bc1  Bxf4  23. b3  Nd6  24. Bxf4  Rxf4  25. Nxd5  Bxd5  26. Rxd5  Qf6  27. Re5  Nf5  28. Kh2  Nd4  29. Qe3  g6  30. Re4  Nxf3+  31. Rxf3  Rxf3  32. Qxf3  Qxf3  33. gxf3  Rd8  34. Rxh4  Rd2+  35. Kg3  Rxa2  36. Rd4  Rb2  37. b4  Kg7  38. h4  Kf6  39. f4  Kf5  40. Rd5+  Ke6  41. Re5+  Kd6  42. b5  f6  43. Re8  Rxb5  44. Rg8  Ke6  45. Rxg6  Kf7  46. Rg4  a5  47. Kf3  a4  48. Rg1  a3  49. Ra1  Rb3+  50. Ke4  b5   0-1

[Event "FIDE Online Olympiad"]
[Site "Chess.com"]
[Date "2020.08.21"]
[EventDate "2020.08.21"]
[Round "1"]
[Result "0-1"]
[White "Vugar Asadli"]
[Black "Max Warmerdam"]
[WhiteElo "2309"]
[BlackElo "2412"]
[Source "Chess-Results"]
[PlyCount "148"]

1. e4  e5  2. Nf3  Nc6  3. Bc4  Nf6  4. d3  Bc5  5. c3  d6  6. O-O  O-O  7. Bb3  a5  8. Be3  Bxe3  9. fxe3  Ne7  10. Nh4  a4  11. Bc2  d5  12. Nd2  Ng4  13. Qe1  d4  14. cxd4  exd4  15. Nc4  Nc6  16. h3  Nxe3  17. Nxe3  dxe3  18. Nf3  Nd4  19. Rc1  e2  20. Rf2  Nxf3+  21. gxf3  Bxh3  22. Rxe2  Qd4+  23. Kh2  Be6  24. Bb1  f5  25. Qc3  Qd6+  26. e5  Qe7  27. Rg2  c6  28. Qc5  Qh4+  29. Kg1  Rfd8  30. a3  Qd4+  31. Qxd4  Rxd4  32. Kf2  f4  33. Rc5  Bb3  34. Ke2  Rad8  35. Kd2  R4d5  36. Rxd5  Rxd5  37. Re2  Kf7  38. Kc3  c5  39. Re4  Ke6  40. Rxf4  Kxe5  41. Re4+  Kd6  42. Rh4  h5  43. f4  b5  44. Rh3  Ke7  45. Rh4  Kf6  46. Rh3  g6  47. Rh4  Rd4  48. Kd2  Rd8  49. Ke3  Re8+  50. Kf2  Rd8  51. Ke3  Rd5  52. Rh2  Rd4  53. Rg2  h4  54. Rg4  h3  55. Rh4  Be6  56. Bc2  Bf5  57. Ke2  c4  58. Ke3  Rd8  59. Rh7  Bxd3  60. Bd1  Bf5  61. Be2  Rc8  62. Kd4  Rd8+  63. Ke3  Re8+  64. Kf2  Rc8  65. Rb7  Rc5  66. Rb6+  Ke7  67. Bf3  c3  68. bxc3  Rxc3  69. Rb7+  Kd6  70. Rxb5  Rxa3  71. Rd5+  Kc7  72. Ra5  Kb6  73. Ra8  Kc5  74. Rc8+  Bxc8   0-1

[Event "FIDE Online Olympiad"]
[Site "Chess.com"]
[Date "2020.08.21"]
[EventDate "2020.08.21"]
[Round "1"]
[Result "0-1"]
[White "Van Foreest, Machteld"]
[Black "Khanim Balajayeva"]
[WhiteElo "1960"]
[BlackElo "2093"]
[Source "Chess-Results"]
[PlyCount "116"]

1. e4  c6  2. d4  d5  3. Nd2  dxe4  4. Nxe4  Nf6  5. Ng3  h5  6. h4  Bg4  7. Be2  Nbd7  8. Nf3  e6  9. Bg5  Qb6  10. Rb1  Bd6  11. Nf1  Ne4  12. Ne3  Bxf3  13. Bxf3  Nxg5  14. hxg5  Qa5+  15. Qd2  Qxg5  16. Nc4  Qxd2+  17. Kxd2  Bf4+  18. Ke2  Nf6  19. Na5  O-O-O  20. Rbd1  g5  21. g3  Bc7  22. Nb3  h4  23. gxh4  gxh4  24. Nc5  h3  25. c4  Rh4  26. Ke3  Bb6  27. b4  a5  28. a3  Bxc5  29. bxc5  Nd7  30. Bg2  Rdh8  31. Bf3  e5  32. d5  Nxc5  33. dxc6  e4  34. cxb7+  Kxb7  35. Rd5  Kc6  36. Be2  h2  37. Rg5  Rh3+  38. Kd2  Rd8+  39. Kc2  Ne6  40. Rd5  Rxd5  41. cxd5+  Kxd5  42. Bg4  Nd4+  43. Kd2  Rh4  44. Bd1  f5  45. Ke3  f4+  46. Kd2  Ke5  47. Ke1  Rh3  48. a4  e3  49. Kf1  Rh8  50. fxe3  fxe3  51. Ke1  Ke4  52. Bg4  Nf3+  53. Ke2  Nd4+  54. Ke1  Kd3  55. Bd7  Rg8  56. Kf1  e2+  57. Kf2  Rg1  58. Bg4  e1=Q#   0-1

[Event "FIDE Online Olympiad"]
[Site "Chess.com"]
[Date "2020.08.21"]
[EventDate "2020.08.21"]
[Round "1"]
[Result "0-1"]
[White "Timothe Razafindratsima"]
[Black "Imre Balog"]
[WhiteElo "2199"]
[BlackElo "2626"]
[Source "Chess-Results"]
[PlyCount "134"]

1. e4  e6  2. d4  d5  3. Nd2  dxe4  4. Nxe4  Nd7  5. Nf3  Ngf6  6. Bd3  Nxe4  7. Bxe4  Nf6  8. Bd3  c5  9. O-O  cxd4  10. Nxd4  Bc5  11. Nf3  O-O  12. Bg5  h6  13. Bh4  b6  14. Qd2  Bb7  15. Qf4  Qb8  16. Qxb8  Raxb8  17. Bxf6  gxf6  18. Nd2  f5  19. Nb3  Be7  20. Rfe1  Bf6  21. c3  Bd5  22. Rad1  Rfd8  23. f3  h5  24. Kf2  Kf8  25. g3  h4  26. Bb5  a6  27. Bf1  hxg3+  28. hxg3  a5  29. Nc1  f4  30. c4  Bc6  31. b3  Bc3  32. gxf4  Bxe1+  33. Rxe1  Rd2+  34. Ke3  Rbd8  35. Bd3  Rb2  36. Re2  Rxe2+  37. Bxe2  Ke7  38. Nd3  f6  39. a3  Be8  40. b4  axb4  41. axb4  Bg6  42. c5  Bxd3  43. Bxd3  bxc5  44. bxc5  Rd5  45. c6  Rc5  46. f5  Rxc6  47. fxe6  Kxe6  48. Kf4  Rb6  49. Bc4+  Ke7  50. Kf5  Rc6  51. Bg8  Rc5+  52. Ke4  Kf8  53. Bd5  Kg7  54. Kd4  Ra5  55. Bc6  Kg6  56. Ke3  Kg5  57. Bb7  Ra3+  58. Kf2  Kf4  59. Bc6  Ra2+  60. Kf1  f5  61. Bd5  Rc2  62. Bb7  Ke3  63. Kg1  f4  64. Kf1  Rf2+  65. Kg1  Rxf3  66. Be4  Rg3+  67. Kf1  Kxe4   0-1

[Event "FIDE Online Olympiad"]
[Site "Chess.com"]
[Date "2020.08.21"]
[EventDate "2020.08.21"]
[Round "1"]
[Result "0-1"]
[White "Kenny Solomon"]
[Black "Frode Olav Olsen Urkedal"]
[WhiteElo "2442"]
[BlackElo "2491"]
[Source "Chess-Results"]
[PlyCount "96"]

1. d4  Nf6  2. c4  e6  3. Nf3  d5  4. Nc3  c6  5. g3  Nbd7  6. Bg2  Be7  7. O-O  O-O  8. b3  b6  9. Bb2  Ba6  10. Nd2  Rc8  11. e4  c5  12. exd5  cxd4  13. Ne2  exd5  14. Nxd4  dxc4  15. Nxc4  Bxc4  16. bxc4  Ne5  17. Rc1  Nxc4  18. Ba1  Ba3  19. Rc3  Bb4  20. Rb3  Bc5  21. Nc6  Qxd1  22. Rxd1  Ng4  23. Bd4  Rxc6  24. Bxc6  Na5  25. Bxc5  bxc5  26. Bd5  Nxb3  27. Bxb3  Nf6  28. Rd6  Rc8  29. Bc4  Kf8  30. Ra6  Rc7  31. Ra5  Ke7  32. Ra6  Ne8  33. Ra3  Nd6  34. Re3+  Kf6  35. Bd3  c4  36. Bc2  Nb5  37. Rf3+  Ke7  38. Re3+  Kd6  39. Bxh7  g6  40. Re1  c3  41. Kf1  c2  42. Rc1  Ke5  43. Ke2  Kd4  44. Kd2  Na3  45. h4  Nb1+  46. Ke2  Kc3  47. h5  Kb2  48. hxg6  fxg6   0-1

[Event "FIDE Online Olympiad"]
[Site "Chess.com"]
[Date "2020.08.21"]
[EventDate "2020.08.21"]
[Round "1"]
[Result "0-1"]
[White "Jesse Nikki February"]
[Black "Sheila Barth Stanford"]
[WhiteElo "1839"]
[BlackElo "2133"]
[Source "Chess-Results"]
[PlyCount "102"]

1. e4 c5 2. Nf3 d6 3. d4 cxd4 4. Nxd4 Nf6 5. Nc3 a6 6. Be2 e5
7. Nb3 Be6 8. Be3 Be7 9. O-O O-O 10. f4 exf4 11. Bxf4 Nc6
12. Kh1 Ne5 13. Nd4 Qd7 14. Nf5 Bxf5 15. exf5 Qxf5 16. Qd2 Qe6
17. Rae1 Rac8 18. Bf3 Rc7 19. Nd5 Nxd5 20. Bxd5 Qc8 21. c3 Bf6
22. Bxe5 Bxe5 23. Qg5 Qd8 24. Qh5 g6 25. Qf3 b5 26. Re4 Qg5
27. Rg4 Qd2 28. Rh4 Qxb2 29. Qe3 Bg7 30. c4 Qe5 31. Qh3 h6
32. Re4 Qc3 33. Qg4 Kh7 34. Ref4 bxc4 35. h3 f5 36. Qe2 Qe5
37. Qc2 Qxd5 38. Qa4 c3 39. Qxa6 c2 40. Qa3 Qc5 41. Qc1 Bb2
42. Qxb2 c1=Q 43. Qe2 Q1c2 44. Qe6 Qc6 45. R1f2 Qc1+ 46. Kh2
d5 47. Qe5 Q1c3 48. Qe2 Re8 49. Qd1 Qd6 50. g3 Re4 51. Rxf5
Qdxg3+ 0-1

[Event "FIDE Online Olympiad"]
[Site "Chess.com"]
[Date "2020.08.21"]
[EventDate "2020.08.21"]
[Round "1"]
[Result "0-1"]
[White "Ulrikke Langvik"]
[Black "Nina Marais"]
[WhiteElo "1629"]
[BlackElo "1685"]
[Source "Chess-Results"]
[PlyCount "42"]

1. d4 Nf6 2. Nf3 g6 3. Nc3 Bg7 4. e4 d6 5. Be3 Ng4 6. Bg5 f5
7. h3 Nh6 8. Qd2 Nf7 9. Bc4 Nxg5 10. Nxg5 Bh6 11. f4 Bxg5
12. fxg5 fxe4 13. Rf1 Nc6 14. Bf7+ Kd7 15. d5 Ne5 16. Be6+ Ke8
17. Nxe4 Bxe6 18. dxe6 Qc8 19. Qd5 c6 20. Qb3 Qc7 21. O-O-O
Qb6 0-1

[Event "FIDE Online Olympiad"]
[Site "Chess.com"]
[Date "2020.08.21"]
[EventDate "2020.08.21"]
[Round "1"]
[Result "0-1"]
[White "Juraj Druska"]
[Black "Rinat Jumabayev"]
[WhiteElo "2403"]
[BlackElo "2562"]
[Source "Chess-Results"]
[PlyCount "106"]

1. e4 c5 2. Nf3 d6 3. d4 cxd4 4. Nxd4 Nf6 5. Nc3 Nc6 6. f3 e6
7. Be3 a6 8. g4 Qc7 9. Qd2 Ne5 10. O-O-O h6 11. h4 b5 12. a3
Rb8 13. Rg1 g6 14. g5 hxg5 15. hxg5 Nfd7 16. f4 Nc4 17. Qe1 b4
18. axb4 Rxb4 19. Bxc4 Rxc4 20. f5 Ne5 21. Bf4 Rxd4 22. Rxd4
Nf3 23. Qe3 Nxg1 24. Qxg1 e5 25. Bxe5 dxe5 26. Nd5 Qa5
27. Nf6+ Ke7 28. Ra4 Rh1 29. Qxh1 Qxa4 30. Nd5+ Kd6 31. Qh8
Qa1+ 32. Kd2 Qa5+ 33. b4 Qd8 34. fxg6 fxg6 35. Qg8 Be6
36. Qxg6 Be7 37. c4 Bxg5+ 38. Kc3 Qg8 39. Qh5 Kd7 40. Kb3 Qg7
41. Qe2 Kc8 42. Ka3 Bd8 43. c5 Qb7 44. Qd3 Qb5 45. Qc3 a5
46. bxa5 Qxa5+ 47. Qxa5 Bxa5 48. Ka4 Bxd5 49. exd5 e4 50. Kxa5
e3 51. Kb6 e2 52. d6 e1=Q 53. c6 Qb4+ 0-1

[Event "FIDE Online Olympiad"]
[Site "Chess.com"]
[Date "2020.08.21"]
[EventDate "2020.08.21"]
[Round "2"]
[Result "0-1"]
[White "Rustam Khusnutdinov"]
[Black "Jorden van Foreest"]
[WhiteElo "2523"]
[BlackElo "2543"]
[Source "Chess-Results"]
[PlyCount "194"]

1. e4 e5 2. Nf3 Nc6 3. Nc3 Nf6 4. Be2 d5 5. exd5 Nxd5 6. O-O
Nxc3 7. bxc3 Bd6 8. d4 O-O 9. Rb1 h6 10. h3 Re8 11. Re1 e4
12. Nh2 b6 13. Rb5 Ba6 14. Rh5 Bxe2 15. Qxe2 Bxh2+ 16. Kxh2
Qd7 17. Bf4 f6 18. Qg4 Qxg4 19. hxg4 Re7 20. Rd5 Rae8 21. c4
Kf7 22. c3 Na5 23. c5 Nc4 24. c6 Na5 25. Rd7 Nxc6 26. Rxc7
Rxc7 27. Bxc7 Rc8 28. Bg3 Ne7 29. Rxe4 Nd5 30. f4 Rxc3 31. g5
Rc2 32. gxh6 gxh6 33. f5 Rxa2 34. Re6 b5 35. Bh4 b4 36. Rd6
Ne3 37. Rxf6+ Kg7 38. Kh3 Nxg2 39. Rg6+ Kh7 40. Bg3 Ne3
41. Rf6 b3 42. Be5 b2 43. Rf7+ Kg8 44. Rg7+ Kf8 45. f6 Nc4
46. Rb7 Ra1 47. Rb8+ Kf7 48. Rb7+ Kf8 49. Bf4 Rh1+ 50. Kg4
b1=Q 51. Bxh6+ Rxh6 52. Rxb1 Rxf6 53. Kg5 Rb6 54. Rc1 Rb4
55. Kf6 a5 56. d5 Rb6+ 57. Kf5 Nd6+ 58. Ke6 a4 59. Rf1+ Ke8
60. Rh1 Nc4+ 61. Kf5 a3 62. Ke4 a2 63. Ra1 Rb2 64. Kd4 Nb6
65. Kc5 Na4+ 66. Kc4 Kd7 67. Kd4 Kd6 68. Kc4 Kc7 69. Kd4 Kd7
70. Kc4 Kd6 71. Kd4 Rb4+ 72. Kd3 Rb3+ 73. Kc4 Rb2 74. Kd4 Nc5
75. Kc3 Rh2 76. Rd1 Rf2 77. Kc4 Rc2+ 78. Kb4 Nd3+ 79. Kb3 Nc1+
80. Kxc2 a1=Q 81. Rxc1 Qa2+ 82. Kc3 Kxd5 83. Rd1+ Kc5 84. Rc1
Qa3+ 85. Kd2+ Kd4 86. Rc2 Qa1 87. Ke2 Qb1 88. Kd2 Qf1 89. Rc8
Qg2+ 90. Kc1 Qh1+ 91. Kd2 Qh2+ 92. Kc1 Kd3 93. Rd8+ Kc3
94. Rc8+ Kb3 95. Kd1 Qd6+ 96. Kc1 Qf4+ 97. Kd1 Qg4+ 0-1